Visual Basic 4 developer’s guide

Enables Visual Basic programmers to advance to the most recent level with expert techniques and strategies that explain how to exploit the newest features of Visual Basic as well as implement VBA in a network setting

Wedi'i Gadw mewn:
Manylion Llyfryddiaeth
Fformat: Llyfr
Iaith:Undetermined
Cyhoeddwyd: Indianapolis, IN Sams Pub 1996
Pynciau:
Tagiau: Ychwanegu Tag
Dim Tagiau, Byddwch y cyntaf i dagio'r cofnod hwn!
Thư viện lưu trữ: Trung tâm Học liệu Trường Đại học Cần Thơ
LEADER 00751nam a2200181Ia 4500
001 CTU_149571
008 210402s9999 xx 000 0 und d
082 |a 005.15 
082 |b V822 
245 0 |a Visual Basic 4 developer’s guide 
245 0 |c Boyle ... [et al] 
260 |a Indianapolis, IN 
260 |b Sams Pub 
260 |c 1996 
520 |a Enables Visual Basic programmers to advance to the most recent level with expert techniques and strategies that explain how to exploit the newest features of Visual Basic as well as implement VBA in a network setting 
650 |a Basic ( computer program language ),Ngôn ngữ lập trình căn bản 
904 |i Trọng Hải 
980 |a Trung tâm Học liệu Trường Đại học Cần Thơ